Memorias para la historia de la guerra de Tejas / (Registro nro. 22795)
[ vista simple ]
| 000 -LEADER | |
|---|---|
| fixed length control field | 01001cam a2200289 i 4500 |
| 001 - CONTROL NUMBER | |
| control field | 22795 |
| 003 - CONTROL NUMBER IDENTIFIER | |
| control field | Mx-PuUPA |
| 005 - DATE AND TIME OF LATEST TRANSACTION | |
| control field | 20230502090945.0 |
| 008 - FIXED-LENGTH DATA ELEMENTS--GENERAL INFORMATION | |
| fixed length control field | 140415s1973 mx gr 000 0 spa d |
| 040 ## - CATALOGING SOURCE | |
| Transcribing agency | Mx-PuUPA |
| Original cataloging agency | Mx-PuUPA |
| Modifying agency | Mx-PuUPA |
| Language of cataloging | spa |
| Description conventions | rda |
| 041 0# - LANGUAGE CODE | |
| Language code of text/sound track or separate title | spa |
| 100 1# - MAIN ENTRY--PERSONAL NAME | |
| Personal name | Filísola, Vicente, |
| Dates associated with a name | 1789-1850 |
| Relator term | autor |
| 9 (RLIN) | 14125 |
| 245 10 - TITLE STATEMENT | |
| Title | Memorias para la historia de la guerra de Tejas / |
| Statement of responsibility, etc. | Don Vicente Filisola |
| 246 14 - VARYING FORM OF TITLE | |
| Title proper/short title | Historia de la guerra de Tejas. |
| 264 #2 - PRODUCTION, PUBLICATION, DISTRIBUTION, MANUFACTURE, AND COPYRIGHT NOTICE | |
| Place of production, publication, distribution, manufacture | México, D. F. : |
| Name of producer, publisher, distributor, manufacturer | Editora Nacional, |
| Date of production, publication, distribution, manufacture, or copyright notice | 1973 |
| 300 ## - PHYSICAL DESCRIPTION | |
| Extent | 2 volúmenes (paginación varía) ; |
| Dimensions | 17 cm |
| 336 ## - CONTENT TYPE | |
| Fuente | rdacontent |
| Content type term | texto |
| Content type code | txt |
| 337 ## - MEDIA TYPE | |
| Source | rdamedia |
| Media type term | sin medio |
| Media type code | n |
| 338 ## - CARRIER TYPE | |
| Source | rdacarrier |
| Carrier type term | volumen |
| Carrier type code | nc |
| 545 ## - BIOGRAPHICAL OR HISTORICAL DATA | |
| Biographical or historical data | Reimpresiones: (1973). |
| 600 14 - SUBJECT ADDED ENTRY--PERSONAL NAME | |
| Personal name | Filísola, Vicente, |
| General subdivision | Generales |
| Form subdivision | Biografía |
| 651 #4 - SUBJECT ADDED ENTRY--GEOGRAPHIC NAME | |
| Geographic name | Texas |
| General subdivision | Historia |
| -- | Revolución, 1835-1836 |
| 651 #4 - SUBJECT ADDED ENTRY--GEOGRAPHIC NAME | |
| Geographic name | Texas |
| General subdivision | Historia |
| Chronological subdivision | Hasta 1846 |
| 942 ## - ADDED ENTRY ELEMENTS (KOHA) | |
| Source of classification or shelving scheme | Dewey Decimal Classification |
| Koha item type | Libro |
| Classification part | 976.403 |
| Item part | F478 |
| Withdrawn status | Lost status | Source of classification or shelving scheme | Damaged status | Not for loan | Collection code | Home library | Current library | Shelving location | Date acquired | Source of acquisition | Serial Enumeration / chronology | Total Checkouts | Full call number | Barcode | Date last seen | Price effective from | Koha item type |
|---|---|---|---|---|---|---|---|---|---|---|---|---|---|---|---|---|---|
| Dewey Decimal Classification | General | Centro de Estudios Guadalupanos | Centro de Estudios Guadalupanos | Sala general | 03/12/2013 | Compra | t.1 | 976.403 F478 1973 | 60802 | 05/01/2026 | 03/12/2013 | Libro | |||||
| Dewey Decimal Classification | General | Centro de Estudios Guadalupanos | Centro de Estudios Guadalupanos | Sala general | 03/12/2013 | Compra | t.2 | 976.403 F478 1973 | 60803 | 05/01/2026 | 03/12/2013 | Libro |